Suomen arvostetuimmat brändit vuosittain - Statistics

Yleistilastot
  • Tätä visaa on pelattu 131 kertaa
    58 viimeisimmän päivityksen jälkeen
  • Keskiarvotulos 3 / 23
Vastaustilastot
# Vuodet Brändi % Oikein
11 Fiskars
67%
7 Iittala
67%
8 Fazer
60%
7 Arabia
35%
5 Valio
35%
4 Hackman
13%
1 Prisma
13%
6 Yle
10%
10 Abloy
4%
6 Fazer Sininen
4%
2 Google
4%
2 SINI
4%
3 Avainlippu-merkki
2%
1 Elovena
2%
2 Moccamaster
2%
2 Havu Mäntysuopa
0%
9 Hyvää Suomesta -merkki
0%
9 Joutsenmerkki
0%
4 Lego
0%
4 S-Etukortti
0%
1 Sydänmerkki
0%
2 Valion voi
0%
4 Yle Areena
0%
Ehtoja vastaavia visoja ei löytynyt
Tulosjakauma
Jokaisen tuloksen saaneiden osuus
Persentiili vastausten määrän mukaan
Tuloshistoriasi
Et ole pelannut tätä visaa sen viimeisimmän päivityksen jälkeen